| 000 | 00935cam a2200301 4500 | ||
|---|---|---|---|
| 999 |
_c10383 _d10383 |
||
| 001 | 2236399 | ||
| 003 | EG-ScBUE | ||
| 005 | 20210131101744.0 | ||
| 008 | 701009s1994 enk f 000 1 eng d | ||
| 020 | _a9780006471264 | ||
| 020 | _a0006471269 | ||
| 040 |
_aDLC _beng _erda _cDLC _dDLC _dOCoLC _dEG-ScBUE |
||
| 082 | 0 | 0 |
_a813.54 _2SHE _b22 |
| 100 | 1 |
_aSheldon, Sidney, _eauthor. |
|
| 245 | 1 | 4 |
_aThe naked face / _cSidney Sheldon. |
| 264 | 1 |
_aLondon : _bHarper Collins Publishers, _c1994. |
|
| 300 |
_a214 pages ; _c22 cm |
||
| 336 |
_2rdacontent _atext _btxt |
||
| 337 |
_2rdamedia _aunmediated _bn |
||
| 338 |
_2rdacarrier _avolume _bnc |
||
| 650 | 7 |
_aPsychoanalysts _vFiction. _2BUEsh |
|
| 650 | 7 |
_aSerial murders _vFiction. _2BUEsh |
|
| 651 | _2BUEsh | ||
| 653 |
_bHHUUEENN _cJanuary2021 |
||
| 655 | 7 |
_aDetective and mystery stories. _2gsafd _vReading book |
|
| 655 | 7 |
_aPsychological fiction. _2lcsh _vReading book |
|
| 942 |
_2ddc _cBB |
||